Statistiques concernant TGV INOUI arrêts Luxembourg-Marseille

Cliquez ici pour prendre le quiz!

Statistiques générales

  • Ce quiz a été pris 318 fois
  • Le résultat moyen est 11 sur 14

Statistiques - réponses

PaysVille% Correct
FranceLyon
99%
LuxembourgLuxembourg
97%
FranceMarseille
96%
FranceMetz
90%
FranceDijon
88%
FranceAix-en-Provence
84%
FranceAvignon
84%
FranceStrasbourg
83%
FranceValence
83%
FranceMulhouse
72%
FranceColmar
69%
FranceBesançon
66%
FranceBelfort - Montbéliard
65%
FranceThionville
65%

Distribution des résultats

Percentile par nombre de réponses

% des personnes avec chaque résultat

Votre développement - résultats

Vous n’avez pas pris ce quiz